Video Games by Year: 2012 - Statistics

General Stats
  • This quiz has been taken 170 times
  • The average score is 6 of 16
Answer Stats
Picture Answer % Correct
Borderlands 2
92%
Far Cry 3
92%
The Walking Dead
76%
Mass Effect 3
63%
Sniper Elite V2
48%
Hotline Miami
45%
Sleeping Dogs
38%
Fez
29%
Spec Ops: The Line
28%
XCOM: Enemy Unknown
28%
Alan Wake's American Nightmare
25%
Resident Evil: Revelations
15%
Cry of Fear
8%
Dust: An Elysian Tail
2%
Quantum Conundrum
2%
They Bleed Pixels
2%
No matching quizzes found
Score Distribution
Percent of People with Each Score
Percentile by Number Answered
Your Score History
You have not taken this quiz